000 00459 a2200157 4500
245 _aOrganes artificiels hybrides : concepts et développement = Hybrid Artificial Organs: Concepts and Development, Colloque, 18-19 octobre 1988, Bordeaux
100 _aColloque INSERM
700 _aBaquey, C.
700 _aDupuy, B.
260 _c1989
300 _a412 p.
035 _a7401
999 _c17553
_d17553